[Event "European Chess Club Cup 2023"]
[Site "Durres, Albania"]
[Date "2023.10.03"]
[Round "3.40"]
[White "Cvitan, Ognjen"]
[Black "Saric, Ivan"]
[Result "0-1"]
[TimeControl "90' + 30' & 30\""]
[WhiteElo "2426"]
[BlackElo "2647"]

1. d4 {[%clk 01:29:53]} {[%emt 00:01:07]} Nf6 {[%clk 01:30:55]} {[%emt
00:00:06]} 2. c4 {[%clk 01:28:23]} {[%emt 00:02:00]} e6 {[%clk 01:31:21]}
{[%emt 00:00:04]} 3. Nf3 {[%clk 01:27:52]} {[%emt 00:01:00]} d5 {[%clk
01:31:37]} {[%emt 00:00:14]} 4. Nc3 {[%clk 01:26:54]} {[%emt 00:01:28]} c6
{[%clk 01:31:28]} {[%emt 00:00:40]} 5. e3 {[%clk 01:22:49]} {[%emt 00:04:34]}
Nbd7 {[%clk 01:31:47]} {[%emt 00:00:12]} 6. Bd3 {[%clk 01:20:41]} {[%emt
00:02:37]} dxc4 {[%clk 01:30:49]} {[%emt 00:01:28]} 7. Bxc4 {[%clk 01:19:50]}
{[%emt 00:01:22]} b5 {[%clk 01:31:00]} {[%emt 00:00:18]} 8. Bd3 {[%clk
01:17:16]} {[%emt 00:03:04]} a6 {[%clk 01:25:52]} {[%emt 00:05:38]} 9. O-O
{[%clk 01:16:22]} {[%emt 00:01:25]} c5 {[%clk 01:24:05]} {[%emt 00:02:16]} 10.
a4 {[%clk 01:11:33]} {[%emt 00:05:19]} b4 {[%clk 01:24:03]} {[%emt 00:00:33]}
11. Ne4 {[%clk 01:10:01]} {[%emt 00:02:02]} Bb7 {[%clk 01:24:19]} {[%emt
00:00:13]} 12. Nxf6+ {[%clk 01:08:33]} {[%emt 00:01:59]} Qxf6 {[%clk 01:14:12]}
{[%emt 00:10:36]} 13. b3 {[%clk 00:55:59]} {[%emt 00:13:05]} cxd4 {[%clk
01:07:10]} {[%emt 00:07:32]} 14. exd4 {[%clk 00:55:32]} {[%emt 00:00:57]} h6
{[%clk 01:03:25]} {[%emt 00:04:16]} 15. a5 {[%clk 00:48:11]} {[%emt 00:07:50]}
Bd6 {[%clk 01:02:48]} {[%emt 00:01:06]} 16. Be3 {[%clk 00:48:03]} {[%emt
00:00:39]} O-O {[%clk 01:02:32]} {[%emt 00:00:46]} 17. Nd2 {[%clk 00:41:24]}
{[%emt 00:07:09]} Qh4 {[%clk 00:51:21]} {[%emt 00:11:41]} 18. h3 {[%clk
00:39:19]} {[%emt 00:02:35]} Nf6 {[%clk 00:51:40]} {[%emt 00:00:11]} 19. Nf3
{[%clk 00:35:07]} {[%emt 00:04:41]} Qh5 {[%clk 00:51:05]} {[%emt 00:01:06]} 20.
Ne5 {[%clk 00:35:24]} {[%emt 00:00:12]} Qxd1 {[%clk 00:48:30]} {[%emt
00:03:06]} 21. Rfxd1 {[%clk 00:34:31]} Nd5 {[%clk 00:45:52]} {[%emt 00:04:31]}
22. Nd7 {[%clk 00:24:37]} {[%emt 00:10:24]} Rfd8 {[%clk 00:44:05]} {[%emt
00:02:16]} 23. Nb6 {[%clk 00:24:39]} {[%emt 00:00:28]} Nxb6 {[%clk 00:39:52]}
{[%emt 00:04:44]} 24. axb6 {[%clk 00:24:59]} {[%emt 00:00:09]} Bd5 {[%clk
00:32:38]} {[%emt 00:07:44]} 25. Bc4 {[%clk 00:18:46]} {[%emt 00:06:44]} Rdb8
{[%clk 00:31:16]} {[%emt 00:01:51]} 26. Bxd5 {[%clk 00:18:56]} {[%emt
00:00:21]} exd5 {[%clk 00:31:42]} {[%emt 00:00:04]} 27. Ra5 {[%clk 00:19:02]}
{[%emt 00:00:23]} Rxb6 {[%clk 00:32:06]} {[%emt 00:00:06]} 28. Rda1 {[%clk
00:18:48]} {[%emt 00:00:44]} Rc8 {[%clk 00:23:44]} {[%emt 00:08:52]} 29. Rxd5
{[%clk 00:13:59]} {[%emt 00:05:19]} Rc3 {[%clk 00:23:46]} {[%emt 00:00:29]} 30.
Rb1 {[%clk 00:14:03]} {[%emt 00:00:26]} Be7 {[%clk 00:21:26]} {[%emt 00:02:49]}
31. Ra5 {[%clk 00:13:47]} {[%emt 00:00:45]} Bf6 {[%clk 00:14:57]} {[%emt
00:07:00]} 32. Kf1 {[%clk 00:13:54]} {[%emt 00:00:24]} Rd6 {[%clk 00:13:48]}
{[%emt 00:01:39]} 33. Bd2 {[%clk 00:13:46]} {[%emt 00:00:37]} Rc2 {[%clk
00:09:56]} {[%emt 00:04:23]} 34. Bxb4 {[%clk 00:14:12]} {[%emt 00:00:04]} Rxd4
{[%clk 00:10:22]} {[%emt 00:00:03]} 35. Be1 {[%clk 00:12:30]} {[%emt 00:02:12]}
Rd6 {[%clk 00:10:15]} {[%emt 00:00:37]} 36. b4 {[%clk 00:12:31]} {[%emt
00:00:29]} Re6 {[%clk 00:05:25]} {[%emt 00:05:20]} 37. b5 {[%clk 00:11:59]}
{[%emt 00:01:02]} axb5 {[%clk 00:05:48]} {[%emt 00:00:08]} 38. Raxb5 {[%clk
00:12:26]} {[%emt 00:00:03]} Bd4 {[%clk 00:05:23]} {[%emt 00:00:54]} 39. Rd5
{[%clk 00:10:17]} {[%emt 00:02:39]} Bxf2 {[%clk 00:03:30]} {[%emt 00:02:23]} 40.
Bd2 {[%clk 00:05:19]} {[%emt 00:05:28]} Bb6 {[%emt 00:04:02]} 41. Rb3 {[%clk
00:03:01]} Ra2 {[%clk 00:02:26]} {[%emt 00:00:50]} 42. g4 {[%clk 00:01:44]}
{[%emt 00:01:47]} Ra1+ {[%clk 00:24:45]} {[%emt 00:08:11]} 43. Kg2 {[%clk
00:32:11]} {[%emt 00:00:03]} Re2+ {[%clk 00:23:00]} {[%emt 00:02:15]} 44. Kf3
{[%clk 00:31:49]} {[%emt 00:00:53]} Rf2+ {[%clk 00:23:24]} {[%emt 00:00:05]} 45.
Ke4 {[%clk 00:31:30]} {[%emt 00:00:49]} Ra4+ {[%clk 00:23:38]} {[%emt
00:00:16]} 46. Kd3 {[%clk 00:30:38]} {[%emt 00:01:22]} Rf3+ {[%clk 00:23:55]}
{[%emt 00:00:13]} 0-1

[Event "European Chess Club Cup 2023"]
[Site "Durres, Albania"]
[Date "2023.10.03"]
[Round "3.41"]
[White "Brkic, Ante"]
[Black "Jaeggi, Dorian"]
[Result "1-0"]
[TimeControl "90' + 30' & 30\""]
[WhiteElo "2606"]
[BlackElo "2333"]

1. e4 {[%clk 01:30:57]} {[%emt 00:00:02]} c5 {[%clk 01:30:42]} {[%emt
00:00:19]} 2. Nf3 {[%clk 01:31:21]} {[%emt 00:00:06]} e6 {[%clk 01:30:51]}
{[%emt 00:00:21]} 3. d4 {[%clk 01:31:46]} {[%emt 00:00:05]} cxd4 {[%clk
01:30:59]} {[%emt 00:00:22]} 4. Nxd4 {[%clk 01:32:11]} {[%emt 00:00:05]} Nc6
{[%clk 01:31:10]} {[%emt 00:00:19]} 5. Nc3 {[%clk 01:32:35]} {[%emt 00:00:06]}
Qc7 {[%clk 01:31:27]} {[%emt 00:00:13]} 6. Be3 {[%clk 01:32:49]} {[%emt
00:00:16]} a6 {[%clk 01:31:39]} {[%emt 00:00:17]} 7. g4 {[%clk 01:31:00]}
{[%emt 00:02:19]} b5 {[%clk 01:29:37]} {[%emt 00:02:32]} 8. Nxc6 {[%clk
01:31:04]} {[%emt 00:00:27]} Qxc6 {[%clk 01:29:07]} {[%emt 00:01:00]} 9. Qd2
{[%clk 01:29:21]} {[%emt 00:02:13]} Be7 {[%clk 01:16:46]} {[%emt 00:12:51]} 10.
O-O-O {[%clk 01:25:35]} {[%emt 00:04:15]} Nf6 {[%clk 01:16:16]} {[%emt
00:01:01]} 11. f3 {[%clk 01:23:55]} {[%emt 00:02:10]} d6 {[%clk 01:12:02]}
{[%emt 00:04:43]} 12. g5 {[%clk 01:12:14]} {[%emt 00:12:11]} Nd7 {[%clk
01:11:58]} {[%emt 00:00:34]} 13. h4 {[%clk 01:12:41]} {[%emt 00:00:03]} Ne5
{[%clk 01:10:18]} {[%emt 00:02:10]} 14. f4 {[%clk 01:03:25]} {[%emt 00:09:47]}
b4 {[%clk 01:08:45]} {[%emt 00:02:03]} 15. Nd5 {[%clk 00:59:49]} {[%emt
00:04:06]} exd5 {[%clk 00:59:43]} {[%emt 00:09:32]} 16. fxe5 {[%clk 00:37:07]}
{[%emt 00:23:12]} dxe5 {[%clk 00:58:59]} {[%emt 00:01:14]} 17. exd5 {[%clk
00:37:26]} {[%emt 00:00:11]} Qd6 {[%clk 00:59:16]} {[%emt 00:00:13]} 18. h5
{[%clk 00:36:12]} {[%emt 00:01:44]} Bf5 {[%clk 00:51:54]} {[%emt 00:07:52]} 19.
Bd3 {[%clk 00:26:02]} {[%emt 00:10:40]} Bxd3 {[%clk 00:50:36]} {[%emt
00:01:48]} 20. Qxd3 {[%clk 00:26:22]} {[%emt 00:00:09]} Rd8 {[%clk 00:49:57]}
{[%emt 00:01:09]} 21. h6 {[%clk 00:20:29]} {[%emt 00:06:24]} g6 {[%clk
00:49:51]} {[%emt 00:00:35]} 22. Rh4 {[%clk 00:20:50]} {[%emt 00:00:09]} O-O
{[%clk 00:49:43]} {[%emt 00:00:38]} 23. Rc4 {[%clk 00:20:56]} {[%emt 00:00:24]}
Rc8 {[%clk 00:48:59]} {[%emt 00:01:13]} 24. b3 {[%clk 00:17:18]} {[%emt
00:04:09]} Rfd8 {[%clk 00:42:44]} {[%emt 00:06:46]} 25. Qe4 {[%clk 00:17:36]}
{[%emt 00:00:11]} a5 {[%clk 00:42:47]} {[%emt 00:00:27]} 26. Rd2 {[%clk
00:14:40]} {[%emt 00:03:27]} Rxc4 {[%clk 00:41:27]} {[%emt 00:01:50]} 27. bxc4
{[%clk 00:12:26]} {[%emt 00:02:45]} Qc7 {[%clk 00:41:37]} {[%emt 00:00:18]} 28.
c5 {[%clk 00:08:40]} {[%emt 00:04:17]} Bxc5 {[%clk 00:41:48]} {[%emt 00:00:18]}
29. Bxc5 {[%clk 00:08:56]} {[%emt 00:00:15]} Qxc5 {[%clk 00:42:09]} {[%emt
00:00:08]} 30. Qxe5 {[%clk 00:09:03]} {[%emt 00:00:23]} Qc3 {[%clk 00:42:28]}
{[%emt 00:00:11]} 31. Rd4 {[%clk 00:09:17]} {[%emt 00:00:17]} Qa1+ {[%clk
00:42:34]} {[%emt 00:00:23]} 32. Kd2 {[%clk 00:09:45]} {[%emt 00:00:02]} Qc3+
{[%clk 00:42:38]} {[%emt 00:00:26]} 33. Kd1 {[%clk 00:08:58]} {[%emt 00:01:17]}
Qf3+ {[%clk 00:42:14]} {[%emt 00:00:54]} 34. Kc1 {[%clk 00:09:13]} {[%emt
00:00:16]} f6 {[%clk 00:41:36]} {[%emt 00:01:07]} 35. Qe7 {[%clk 00:07:47]}
{[%emt 00:01:56]} 1-0

[Event "European Chess Club Cup 2023"]
[Site "Durres, Albania"]
[Date "2023.10.03"]
[Round "3.42"]
[White "Erismann, Peter"]
[Black "Sebenik, Matej"]
[Result "0-1"]
[TimeControl "90' + 30' & 30\""]
[WhiteElo "2055"]
[BlackElo "2523"]

1. e4 {[%clk 01:30:56]} {[%emt 00:00:04]} c5 {[%clk 01:30:43]} {[%emt
00:00:17]} 2. c3 {[%clk 01:31:19]} {[%emt 00:00:07]} Nf6 {[%clk 01:30:54]}
{[%emt 00:00:19]} 3. e5 {[%clk 01:31:35]} {[%emt 00:00:14]} Nd5 {[%clk
01:31:13]} {[%emt 00:00:11]} 4. Nf3 {[%clk 01:31:38]} {[%emt 00:00:27]} Nc6
{[%clk 01:28:24]} {[%emt 00:03:20]} 5. Bc4 {[%clk 01:31:49]} {[%emt 00:00:19]}
Nb6 {[%clk 01:28:47]} {[%emt 00:00:06]} 6. Bb3 {[%clk 01:32:15]} {[%emt
00:00:04]} c4 {[%clk 01:29:03]} {[%emt 00:00:14]} 7. Bc2 {[%clk 01:32:40]}
{[%emt 00:00:05]} d6 {[%clk 01:29:17]} {[%emt 00:00:16]} 8. exd6 {[%clk
01:25:34]} {[%emt 00:07:36]} Qxd6 {[%clk 01:29:41]} {[%emt 00:00:06]} 9. Qe2
{[%clk 01:22:54]} {[%emt 00:03:11]} Qe6 {[%clk 01:20:43]} {[%emt 00:09:28]} 10.
Qxe6 {[%clk 01:11:28]} {[%emt 00:11:55]} Bxe6 {[%clk 01:21:05]} {[%emt
00:00:08]} 11. d4 {[%clk 01:11:50]} {[%emt 00:00:08]} cxd3 {[%clk 01:21:15]}
{[%emt 00:00:20]} 12. Bxd3 {[%clk 01:12:12]} {[%emt 00:00:09]} Bd5 {[%clk
01:15:42]} {[%emt 00:06:02]} 13. Nbd2 {[%clk 01:10:54]} {[%emt 00:01:47]} O-O-O
{[%clk 01:13:53]} {[%emt 00:02:19]} 14. Be4 {[%clk 01:10:45]} {[%emt 00:00:40]}
e5 {[%clk 01:07:19]} {[%emt 00:07:04]} 15. O-O {[%clk 01:08:07]} {[%emt
00:03:09]} g6 {[%clk 00:56:38]} {[%emt 00:11:11]} 16. Bxd5 {[%clk 00:55:52]}
{[%emt 00:12:45]} Nxd5 {[%clk 00:56:09]} {[%emt 00:00:58]} 17. Nc4 {[%clk
00:53:39]} {[%emt 00:02:43]} f6 {[%clk 00:52:36]} {[%emt 00:04:02]} 18. g3
{[%clk 00:46:06]} {[%emt 00:08:04]} e4 {[%clk 00:50:05]} {[%emt 00:03:01]} 19.
Nd4 {[%clk 00:43:42]} {[%emt 00:02:54]} Nxd4 {[%clk 00:49:59]} {[%emt
00:00:37]} 20. cxd4 {[%clk 00:44:10]} {[%emt 00:00:01]} Bg7 {[%clk 00:36:05]}
{[%emt 00:14:25]} 21. Bd2 {[%clk 00:37:31]} {[%emt 00:07:08]} f5 {[%clk
00:25:36]} {[%emt 00:10:59]} 22. Bc3 {[%clk 00:35:07]} {[%emt 00:02:54]} Rd7
{[%clk 00:23:36]} {[%emt 00:02:30]} 23. Ne3 {[%clk 00:34:37]} {[%emt 00:01:00]}
Rhd8 {[%clk 00:23:08]} {[%emt 00:00:57]} 24. Rfd1 {[%clk 00:28:50]} {[%emt
00:06:16]} Nb6 {[%clk 00:19:50]} {[%emt 00:03:49]} 25. Rac1 {[%clk 00:24:35]}
{[%emt 00:04:45]} Kb8 {[%clk 00:20:14]} {[%emt 00:00:07]} 26. d5 {[%clk
00:15:17]} {[%emt 00:09:49]} Bxc3 {[%clk 00:19:00]} {[%emt 00:01:44]} 27. Rxc3
{[%clk 00:15:29]} {[%emt 00:00:17]} Nxd5 {[%clk 00:19:16]} {[%emt 00:00:15]} 28.
Nxd5 {[%clk 00:14:49]} {[%emt 00:01:08]} Rxd5 {[%clk 00:18:58]} {[%emt
00:00:49]} 29. Rxd5 {[%clk 00:15:14]} {[%emt 00:00:05]} Rxd5 {[%clk 00:19:25]}
{[%emt 00:00:04]} 30. Rc2 {[%clk 00:15:37]} {[%emt 00:00:07]} b5 {[%clk
00:16:05]} {[%emt 00:03:49]} 31. Kg2 {[%clk 00:15:19]} {[%emt 00:00:48]} Rd3
{[%clk 00:07:53]} {[%emt 00:08:42]} 32. h4 {[%clk 00:14:21]} {[%emt 00:01:29]}
Kb7 {[%clk 00:07:56]} {[%emt 00:00:26]} 33. h5 {[%clk 00:12:45]} {[%emt
00:02:06]} Kb6 {[%clk 00:00:58]} {[%emt 00:07:27]} 34. h6 {[%clk 00:11:36]}
{[%emt 00:01:40]} g5 {[%clk 00:00:51]} {[%emt 00:00:37]} 35. Rc8 {[%clk
00:11:37]} {[%emt 00:00:28]} Rd2 {[%clk 00:00:48]} {[%emt 00:00:34]} 36. Kg1
{[%clk 00:10:59]} {[%emt 00:01:09]} f4 {[%clk 00:00:45]} {[%emt 00:00:32]} 37.
gxf4 {[%clk 00:10:29]} {[%emt 00:01:00]} gxf4 {[%clk 00:01:12]} {[%emt
00:00:04]} 38. Re8 {[%clk 00:10:24]} {[%emt 00:00:34]} Rxb2 {[%clk 00:01:07]}
{[%emt 00:00:35]} 39. Rxe4 {[%clk 00:10:27]} {[%emt 00:00:27]} Rxa2 {[%clk
00:01:23]} {[%emt 00:00:14]} 40. Rxf4 {[%clk 00:10:37]} {[%emt 00:00:20]} Rc2
{[%clk 00:01:28]} {[%emt 00:00:24]} 0-1

[Event "European Chess Club Cup 2023"]
[Site "Durres, Albania"]
[Date "2023.10.03"]
[Round "3.43"]
[White "Aditya, Mittal"]
[Black "Salles, Louis"]
[Result "1-0"]
[TimeControl "90' + 30' & 30\""]
[WhiteElo "2572"]
[BlackElo "2318"]

1. e4 {[%clk 01:30:58]} {[%emt 00:00:01]} c5 {[%clk 01:30:48]} {[%emt
00:00:12]} 2. Nf3 {[%clk 01:31:27]} {[%emt 00:00:02]} d6 {[%clk 01:31:11]}
{[%emt 00:00:07]} 3. d4 {[%clk 01:31:55]} {[%emt 00:00:01]} cxd4 {[%clk
01:31:33]} {[%emt 00:00:08]} 4. Nxd4 {[%clk 01:32:23]} {[%emt 00:00:02]} Nf6
{[%clk 01:31:53]} {[%emt 00:00:09]} 5. Nc3 {[%clk 01:32:52]} {[%emt 00:00:02]}
a6 {[%clk 01:32:17]} {[%emt 00:00:07]} 6. Bg5 {[%clk 01:33:20]} {[%emt
00:00:02]} e6 {[%clk 01:29:44]} {[%emt 00:03:02]} 7. Qf3 {[%clk 01:33:48]}
{[%emt 00:00:02]} Nbd7 {[%clk 01:28:15]} {[%emt 00:01:59]} 8. g4 {[%clk
01:34:17]} {[%emt 00:00:01]} Qc7 {[%clk 01:20:49]} {[%emt 00:07:56]} 9. Bd2
{[%clk 01:34:32]} {[%emt 00:00:15]} b5 {[%clk 01:14:20]} {[%emt 00:07:00]} 10.
g5 {[%clk 01:34:31]} {[%emt 00:00:31]} Ne5 {[%clk 01:05:53]} {[%emt 00:08:56]}
11. Qe2 {[%clk 01:28:04]} {[%emt 00:06:57]} Nfd7 {[%clk 01:04:22]} {[%emt
00:02:01]} 12. a3 {[%clk 01:23:26]} {[%emt 00:05:09]} Rb8 {[%clk 01:01:14]}
{[%emt 00:03:37]} 13. Rd1 {[%clk 01:09:52]} {[%emt 00:14:04]} Be7 {[%clk
00:54:38]} {[%emt 00:07:06]} 14. h4 {[%clk 01:02:40]} {[%emt 00:07:42]} Nc4
{[%clk 00:47:39]} {[%emt 00:07:29]} 15. Bc1 {[%clk 01:02:03]} {[%emt 00:01:07]}
Nxa3 {[%clk 00:40:39]} {[%emt 00:07:30]} 16. Bh3 {[%clk 00:41:57]} {[%emt
00:20:36]} Nb6 {[%clk 00:35:34]} {[%emt 00:05:35]} 17. Na2 {[%clk 00:34:07]}
{[%emt 00:08:20]} Nac4 {[%clk 00:32:01]} {[%emt 00:04:03]} 18. b3 {[%clk
00:34:02]} {[%emt 00:00:35]} Ne5 {[%clk 00:31:57]} {[%emt 00:00:34]} 19. f4
{[%clk 00:33:51]} {[%emt 00:00:40]} Nc6 {[%clk 00:31:17]} {[%emt 00:01:10]} 20.
Nxc6 {[%clk 00:32:38]} {[%emt 00:01:43]} Qxc6 {[%clk 00:31:44]} {[%emt
00:00:03]} 21. Bb2 {[%clk 00:32:43]} {[%emt 00:00:25]} Bb7 {[%clk 00:19:51]}
{[%emt 00:12:24]} 22. Bg2 {[%clk 00:31:58]} {[%emt 00:01:14]} O-O {[%clk
00:14:30]} {[%emt 00:05:50]} 23. Nb4 {[%clk 00:27:42]} {[%emt 00:04:47]} Qc7
{[%clk 00:14:00]} {[%emt 00:01:01]} 24. Nd3 {[%clk 00:27:29]} {[%emt 00:00:42]}
Rbc8 {[%clk 00:12:52]} {[%emt 00:01:39]} 25. Rc1 {[%clk 00:27:34]} {[%emt
00:00:25]} Rfe8 {[%clk 00:08:37]} {[%emt 00:04:45]} 26. h5 {[%clk 00:24:19]}
{[%emt 00:03:45]} e5 {[%clk 00:08:00]} {[%emt 00:01:08]} 27. Qg4 {[%clk
00:20:22]} {[%emt 00:04:26]} Bf8 {[%clk 00:05:18]} {[%emt 00:03:12]} 28. O-O
{[%clk 00:15:21]} {[%emt 00:05:31]} exf4 {[%clk 00:04:14]} {[%emt 00:01:35]} 29.
Rxf4 {[%clk 00:13:56]} {[%emt 00:01:54]} Nd7 {[%clk 00:00:56]} {[%emt
00:03:48]} 30. Rcf1 {[%clk 00:09:06]} {[%emt 00:05:19]} Re7 {[%clk 00:00:59]}
{[%emt 00:00:28]} 31. g6 {[%clk 00:08:38]} {[%emt 00:00:58]} fxg6 {[%clk
00:00:39]} {[%emt 00:00:50]} 32. hxg6 {[%clk 00:08:57]} {[%emt 00:00:10]} hxg6
{[%clk 00:00:45]} {[%emt 00:00:25]} 33. Bh3 {[%clk 00:05:08]} {[%emt 00:04:19]}
Ne5 {[%clk 00:00:40]} {[%emt 00:00:36]} 34. Qe6+ {[%clk 00:03:12]} {[%emt
00:02:25]} Nf7 {[%clk 00:01:08]} {[%emt 00:00:02]} 35. Qxg6 {[%clk 00:03:18]}
{[%emt 00:00:24]} Qb6+ {[%clk 00:00:38]} {[%emt 00:01:01]} 36. R1f2 {[%clk
00:02:54]} {[%emt 00:00:53]} Nh6 {[%clk 00:00:32]} {[%emt 00:00:37]} 37. Be6+
{[%clk 00:03:03]} {[%emt 00:00:19]} Rxe6 {[%clk 00:00:38]} {[%emt 00:00:25]} 38.
Rxf8+ {[%clk 00:03:29]} {[%emt 00:00:03]} 1-0